=LDR 00000nam 2200000 4500 =001 NUTBA000000000003272 =005 20140812115954.0 =006 =007 =008 =020 ##$$a 978-979-29-1670-6 =035 ##$$a 0010-081400000000116 =040 ##$$a NBPDMAT =082 ##$$a 510.076 =090 ##$$a 510.076 $b She i =100 ##$$a Sheila Putri Syarah =245 ##$$a I M-1 intisari matematika 1 untuk SMA / MA kelas X / $c Sheila Putri Syarah =250 ##$$a Cet.1 =260 ##$$a Yogyakarta : $b Andi, $c 2011 =300 ##$$a viii, 192 hlm. ; $c 24 cm. =500 ##$$a Bibliografi : hlm. 191 =650 ##$$a Matematika SMA - Studi dan Pengajaran =850 ##$$a NBPDMAT =990 ##$$a 21409917